Síntesis de la historia de la iglesia en Santo Domingo / (Registro nro. 7763)

Detalles MARC
000 -LIDER
fixed length control field 01049nam a2200289 a 4500
001 - NÚMERO DE CONTROL
Identificador de número de control 000026278
003 - IDENTIFICACDOR DE NÚMERO DE CONTROL
control field DO-SdBNP
005 - DATE AND TIME OF LATEST TRANSACTION
control field 20180511104747.0
007 - CAMPOS FIJOS DE DESCRIPCIÓN FÍSICA
fixed length control field 000026278
008 - ELEMENTOS DE LONGITUD FIJA
fixed length control field 110308s 1995 dr 000 0 spa d
040 ## - FUENTE DE CATALOGACIÓN
Agencia que crea de manera original el registro BPMSU
Idioma de catalogación spa
Agencia que realiza la transcripción BPMSU
082 ## - NÚMERO DE CLASIFICACIÓN DECIMAL DE DEWEY
Classification number 282.097293
Item number P762s
100 10 - ASIENTO PRINCIPAL -- NOMBRE PERSONAL
Nombre personal Polanco Brito, Hugo E.
245 10 - MENCIÓN DE TITULO
Título Síntesis de la historia de la iglesia en Santo Domingo /
Mención de responsabilidad Hugo E. Polanco Brito ; cuidado de edición Rafael Bello Peguero
260 0# - PUBLICACIÓN, DISTRIBUCIÓN, ETC. (PIE DE IMPRENTA)
Lugar de publicación, distribución, etc Santo Domingo :
Nombre del editor, distribuidor, etc. Amigo del Hogar,
Fecha de publicación, distribución, etc 1995
300 ## - DESCRIPCIÓN FÍSICA
Extensión 80 p. ;
Dimensiones 22 cm.
504 ## - NOTA DE BIBLIOGRAFÍA, ETC.
Bibliography, etc Incluye referencias bibliográficas y notas al pie de las páginas
650 #4 - ENCABEZAMIENTO DE MATERIA--TEMÁTICO
Término temático o nombre geográfico como elemento de entrada IGLÉSIA CATÓLICA
Subdivisión temática general HISTORIA
651 #4 - ENCABEZAMIENTO DE MATERIA--NOMBRE GEOGRÁFICO
Nombre geográfico REPÚBLICA DOMINICANA
Subdivisión temática general HISTORIA ECLESIÁSTICA
700 12 - ASIENTO SECUNDARIO -- NOMBRE PERSONAL
Nombre personal Bello Peguero, Rafael
Mención de responsabilidad ed.
910 ## - VALIDACIÓN
Validación Validado. Control de calidad MFF
942 ## - ADDED ENTRY ELEMENTS (KOHA)
Source of classification or shelving scheme Dewey Decimal Classification
Koha item type Libros
945 ## - INFORMACIÓN DE PROCESAMIENTO LOCAL
Información de procesamiento local Remanejado para la BNPHU, 2018 / BT
956 ## - LOCAL ELECTRONIC LOCATION AND ACCESS (OCLC)
Nombre de host YPOLANCO
Número de acceso 10
Información de compresión 20110308
Inicio de sesión BND01
Procesador de solicitud 1533
956 ## - LOCAL ELECTRONIC LOCATION AND ACCESS (OCLC)
Nombre de host BTAVAREZ
Número de acceso 10
Información de compresión 20110324
Inicio de sesión BND01
Procesador de solicitud 1131
956 ## - LOCAL ELECTRONIC LOCATION AND ACCESS (OCLC)
Nombre de host VMATEO
Número de acceso 10
Información de compresión 20150430
Inicio de sesión BMET02
Procesador de solicitud 00151
Existencias
Withdrawn status Lost status Source of classification or shelving scheme Damaged status Not for loan Collection code Home library Current library Date acquired Source of acquisition Total Checkouts Full call number Barcode Date last seen Price effective from Koha item type Copy number
    Dewey Decimal Classification     Colección Dominicana Biblioteca Pública Metropolitana Salomé Ureña Biblioteca Pública Metropolitana Salomé Ureña 04/30/2015 Deposito legal   282.097293 P762s BPMSU15041495 04/30/2015 04/30/2015 Libros  
    Dewey Decimal Classification     Colección Dominicana Biblioteca Pública Metropolitana Salomé Ureña Biblioteca Pública Metropolitana Salomé Ureña 04/30/2015 Deposito legal   282.097293 P762s BPMSU15041496 04/30/2015 04/30/2015 Libros e. 2